Statistics for Zvartnots International Airport Destinations (Yerevan, Armenia)

Click here to take the quiz!

General Stats

  • This quiz has been taken 25 times
    (11 since last reset)
  • The average score is 64 of 76

Answer Stats

AirlineDestination% Correct
Wizz AirAbu Dhabi
100%
Pegasus AirlinesAntalya
100%
Aegean AirlinesAthens
100%
Fly BaghdadBaghdad
100%
Middle East AirlinesBeirut
100%
Brussels AirlinesBrussels
100%
Bulgaria Airlines/European Air Charter/FlyOne ArmeniaBurgas
100%
Air CairoCairo
100%
Qatar AirwaysDoha
100%
flydubaiDubai (International)
100%
Condor/LufthansaFrankfurt
100%
Aegean AirlinesHeraklion
100%
Armenia Airlines/FlyOne ArmeniaIstanbul
100%
Pegasus AirlinesIstanbul (Sabiha Gokcen)
100%
Red Wings AirlinesKazan
100%
FlyOne Armenia/Wizz AirMilan (Malpensa)
100%
BelaviaMinsk
100%
Fly Arna/FlyOne Armenia/Red Wings Airlines/Ural AirlinesMoscow (Domodedovo)
100%
Aeroflot/Armenia Airlines/FlyOne Armenia/Rossiya Airlines/Shirak AviaMoscow (Sheremetyevo)
100%
Armenia Airways/Azimuth/FlyOne Armenia/Red Wings Airlines/Shirak Avia/UtairMoscow (Vnukovo)
100%
Red Wings AirlinesMoscow (Zhukovsky)
100%
S7 AirlinesNovosibirsk
100%
Air France/FlyOne ArmeniaParis (Charles de Gaulle)
100%
TransaviaParis (Orly)
100%
Czech AirlinesPrague
100%
airBalticRiga
100%
Wizz AirRome (Fiumicino)
100%
Aeroflot/Fly Arna/FlyOne Armenia/Rossiya Airlines/UtairSaint Petersburg
100%
Aeroflot/FlyOne/Red Wings Airlines/Rossiya AirlinesSamara
100%
Air Cairo/FlyEgypt/FlyOne ArmeniaSharm El Sheikh
100%
Aeroflot/Armenia Airlines/Azimuth/Fly Arna/FlyOne Armenia/Red Wings Airlines/Rossiya Airlines/UtairSochi
100%
Wizz AirSofia
100%
Armenia Airways/FlyOne Armenia/Georgian AirwaysTbilisi
100%
Armenia Airways/Iran Airtour/Qeshm Air/Sepehran Airlines/Varesh AirlinesTehran (Imam Khomeini)
100%
FlyOne Armenia/IsrairTel Aviv
100%
Aegean AirlinesThessaloniki
100%
Bulgaria AirlinesVarna
100%
Austrian Airlines/Wizz AirVienna
100%
LOT Polish AirlinesWarsaw (Chopin)
100%
Aeroflot/Red Wings AirlinesYekaterinburg
100%
Armenia AirlinesBatumi
90%
Wizz AirBudapest
90%
Eurowings/FlyOne ArmeniaDusseldorf
90%
FlyErbil/UR AirlinesErbil
90%
Air Cairo/FlyOne ArmeniaHurghada
90%
Aegean Airlines/Cyprus Airways/FlyOne Armenia/Wizz AirLarnaca
90%
TransaviaLyon
90%
TransaviaMarseille
90%
Azimuth/FlyOne Armenia/Red Wings Airlines/Rossiya AirlinesMineralnye Vody
90%
Air MontenegroPodgorica
90%
Azimuth/Red Wings Airlines/Shirak AviaUfa
90%
EurowingsBerlin
80%
FlyOne ArmeniaChisinau
80%
NouvelairMonastir
80%
FlyOne ArmeniaNice
80%
Red Wings Airlines/Shirak AviaNizhny Novgorod
80%
Air ArabiaSharjah
80%
Aeroflot/Red Wings Airlines/Rossiya AirlinesVolgograd
80%
FlyOne ArmeniaBarcelona
70%
Red Wings AirlinesChelyabinsk
70%
EurowingsCologne/Bonn
70%
Shirak AviaPerm
70%
FlyOne ArmeniaTivat
70%
Wizz AirVenice
70%
Shirak AviaSaratov
60%
UtairTyumen
60%
SCAT AirlinesAktau
50%
Cham Wings AirlinesAleppo
50%
Cham Wings AirlinesDamascus
50%
Red Wings AirlinesMakhachkala
40%
FitsAirMale
40%
Wizz AirDortmund
30%
NovairKapan
30%
UtairSurgut
30%
FitsAirColombo (Bandaranaike)
20%
Shirak AviaNizhnekamsk
10%

Score Distribution

Percentile by Number Answered

Percent of People with Each Score

Your Score History

You have not taken this quiz since the last reset